Зависимость отношения к энергосбережению от положения в должностной иерархии; Проблемы энергосбережения и энергобезопасности в Сибири

Dades bibliogràfiques
Parent link:Проблемы энергосбережения и энергобезопасности в Сибири.— 2003.— С. 8-11
Autor principal: Ушаков В. Я. Василий Яковлевич
Altres autors: Шрайбер Н. Ю. Наталья Юрьевна, Поправко Н. В.
Sumari:В фонде НТБ ТПУ отсутствует
Idioma:rus
Publicat: 2003
Matèries:
Format: MixedMaterials Capítol de llibre
KOHA link:https://koha.lib.tpu.ru/cgi-bin/koha/opac-detail.pl?biblionumber=598058

MARC

LEADER 00000naa0a2200000 4500
001 598058
005 20250220165209.0
035 |a (RuTPU)RU\TPU\tpu\21551 
035 |a RU\TPU\tpu\17369 
090 |a 598058 
100 |a 20120626d2003 k y0rusy50 ca 
101 0 |a rus 
102 |a RU 
200 1 |a Зависимость отношения к энергосбережению от положения в должностной иерархии  |f В. Я. Ушаков, Н. Ю. Шрайбер, Н. В. Поправко 
333 |a В фонде НТБ ТПУ отсутствует 
463 |t Проблемы энергосбережения и энергобезопасности в Сибири  |o материалы Всерос. науч.-практ. конф.  |v С. 8-11  |d 2003 
610 1 |a труды учёных ТПУ 
700 1 |a Ушаков  |b В. Я.  |c специалист в области электроэнергетики  |c профессор Томского политехнического университета, доктор технических наук  |f 1939-  |g Василий Яковлевич  |3 (RuTPU)RU\TPU\pers\10509  |9 2236 
701 1 |a Шрайбер  |b Н. Ю.  |c специалист в области менеджмента  |c доцент Томского политехнического университета  |g Наталья Юрьевна  |3 (RuTPU)RU\TPU\pers\28851 
701 1 |a Поправко  |b Н. В. 
801 1 |a RU  |b 63413507  |c 20100415 
801 2 |a RU  |b 63413507  |c 20120626  |g RCR 
942 |c BK